[Event "European Team-ch 2007"]
[Site "Crete GRE"]
[Date "2007.11.06"]
[Round "9.18"]
[White "Kassinopoullos, Doros"]
[Black "Morrison, Graham"]
[Result "0-1"]
[WhiteElo "2121"]
[BlackElo "2322"]
[PlyCount "56"]
[EventDate "2007.10.28"]
[EventType "team"]
[EventRounds "9"]
[EventCountry "GRE"]
[Source "lmi"]
[SourceDate "2007.10.28"]
[WhiteTeam "Cyprus"]
[BlackTeam "Scotland"]
[WhiteTeamCountry "CYP"]
[BlackTeamCountry "SCO"]

1. e4 c5 2. Nf3 e6 3. d4 cxd4 4. Nxd4 Nc6 5. Nc3 d6 6. Be3 Nf6 7. Be2 Be7 8.
Qd2 O-O 9. g4 Nxd4 10. Bxd4 e5 11. Be3 Nxg4 12. O-O-O Nxe3 13. fxe3 Be6 14. Bd3
Bg5 15. h4 Bh6 16. Rdg1 Rc8 17. Rg3 Kh8 18. Qg2 Rxc3 19. bxc3 Qa5 20. Qg1 Rc8
21. Qe1 Rxc3 22. Kd2 Bc4 23. Kd1 Bxd3 24. cxd3 Qa3 25. Ke2 Rc2+ 26. Kf3 Qxd3
27. Rg2 Rc4 28. Rg4 f5 0-1

[Event "European Team-ch 2007"]
[Site "Crete GRE"]
[Date "2007.11.06"]
[Round "9.19"]
[White "Efimov, Igor"]
[Black "Berend, Fred"]
[Result "1/2-1/2"]
[WhiteElo "2446"]
[BlackElo "2344"]
[PlyCount "152"]
[EventDate "2007.10.28"]
[EventType "team"]
[EventRounds "9"]
[EventCountry "GRE"]
[Source "lmi"]
[SourceDate "2007.10.28"]
[WhiteTeam "Monaco"]
[BlackTeam "Luxembourg"]
[WhiteTeamCountry "MNC"]
[BlackTeamCountry "LUX"]

1. d4 Nf6 2. c4 e6 3. Nc3 Bb4 4. Nf3 c5 5. g3 cxd4 6. Nxd4 O-O 7. Bg2 d5 8.
cxd5 Nxd5 9. Bd2 Bxc3 10. bxc3 e5 11. Nb3 Nc6 12. O-O Re8 13. Rb1 Nb6 14. Be3
Bf5 15. Qxd8 Rexd8 16. Rbd1 Na4 17. Rxd8+ Rxd8 18. Rc1 Rc8 19. Kf1 b6 20. f4
Be6 21. Ke1 Ne7 22. Bd2 h6 23. fxe5 Nc5 24. Nd4 Bc4 25. Rb1 Ng6 26. Nc6 Rc7 27.
a3 Be6 28. Bf4 Ne7 29. Nd4 g5 30. Nb5 Rd7 31. Be3 Na4 32. Rb4 Nc5 33. h4 Bd5
34. Bh3 Be6 35. Bxe6 Nxe6 36. hxg5 hxg5 37. Ra4 Nc6 38. Nd4 Nc5 39. Rc4 Nxe5
40. Rb4 f6 41. Nf5 Ne6 42. Bd4 Nc6 43. Rc4 Na5 44. Rc8+ Kf7 45. Rh8 Rd8 46. Rh6
Nxd4 47. cxd4 Nc6 48. e3 Ke6 49. g4 Rd7 50. Ke2 b5 51. Ng3 Nxd4+ 52. exd4 Rxd4
53. Nh5 Rxg4 54. Rxf6+ Ke5 55. Ra6 b4 56. Ra5+ Kd6 57. Kf3 Rc4 58. axb4 Rxb4
59. Rxa7 Rh4 60. Ng3 Rf4+ 61. Ke3 Rb4 62. Ne4+ Kc6 63. Nxg5 Kb6 64. Ra3 Kc6 65.
Nf3 Rb1 66. Ne5+ Kd5 67. Ra5+ Ke6 68. Nd3 Rh1 69. Ke4 Kf6 70. Rf5+ Ke7 71. Ke5
Ra1 72. Nc5 Re1+ 73. Ne4 Kd7 74. Rf6 Kc7 75. Ra6 Kb7 76. Re6 Kc7 1/2-1/2

[Event "European Team-ch 2007"]
[Site "Crete GRE"]
[Date "2007.11.06"]
[Round "9.19"]
[White "Bakalarz, Mietek"]
[Black "Van Hoolandt, Patrick"]
[Result "1-0"]
[WhiteElo "2342"]
[BlackElo "2245"]
[PlyCount "77"]
[EventDate "2007.10.28"]
[EventType "team"]
[EventRounds "9"]
[EventCountry "GRE"]
[Source "lmi"]
[SourceDate "2007.10.28"]
[WhiteTeam "Luxembourg"]
[BlackTeam "Monaco"]
[WhiteTeamCountry "LUX"]
[BlackTeamCountry "MNC"]

1. d4 Nf6 2. Nf3 e6 3. Bg5 h6 4. Bh4 c5 5. e3 cxd4 6. exd4 b6 7. Bd3 Bb7 8.
Nbd2 Be7 9. O-O O-O 10. Re1 d6 11. c4 Nbd7 12. Rc1 Re8 13. Rc3 d5 14. c5 bxc5
15. dxc5 Bxc5 16. Bb5 Be7 17. Ne5 Nxe5 18. Bxe8 d4 19. Rg3 Ng6 20. Rxg6 fxg6
21. Bxg6 Qd5 22. Ne4 Kh8 23. f3 Ng8 24. Bf2 Rd8 25. a3 a5 26. Qd3 Bc6 27. Nd2
Bb5 28. Qe4 Qg5 29. f4 Qf6 30. Nf3 d3 31. Ne5 Rf8 32. Bh7 Be8 33. Nxd3 g6 34.
Bd4 Kxh7 35. Bxf6 Rxf6 36. Qb7 Rf7 37. Rxe6 Bc5+ 38. Nxc5 Rxb7 39. Nxb7 1-0

[Event "European Team-ch 2007"]
[Site "Crete GRE"]
[Date "2007.11.06"]
[Round "9.19"]
[White "Iclicki, Willy"]
[Black "Brittner, Serge"]
[Result "1/2-1/2"]
[WhiteElo "2147"]
[BlackElo "2274"]
[PlyCount "75"]
[EventDate "2007.10.28"]
[EventType "team"]
[EventRounds "9"]
[EventCountry "GRE"]
[Source "lmi"]
[SourceDate "2007.10.28"]
[WhiteTeam "Monaco"]
[BlackTeam "Luxembourg"]
[WhiteTeamCountry "MNC"]
[BlackTeamCountry "LUX"]

1. d4 e6 2. c4 Nf6 3. Nc3 Bb4 4. Qc2 O-O 5. e4 d5 6. e5 Ne4 7. a3 Bxc3+ 8. bxc3
c5 9. Bd3 Qa5 10. cxd5 exd5 11. Nf3 cxd4 12. Nxd4 Qxc3+ 13. Qxc3 Nxc3 14. Be3
Nd7 15. Rc1 Na4 16. f4 Ndc5 17. Bc2 Nb2 18. O-O Nc4 19. Bf2 b6 20. Nb5 Bb7 21.
a4 Bc6 22. Nc3 Ne6 23. g3 Rac8 24. Rfd1 Rfd8 25. Nb5 Bxb5 26. axb5 Nc7 27. Bf5
Ra8 28. Bd3 Nxb5 29. Bxc4 dxc4 30. Rxd8+ Rxd8 31. Rxc4 h5 32. Rb4 Nc3 33. Kg2
Rd2 34. Kf3 Rd3+ 35. Kg2 g6 36. h3 Kg7 37. Rb3 b5 38. Bxa7 1/2-1/2

[Event "European Team-ch 2007"]
[Site "Crete GRE"]
[Date "2007.11.06"]
[Round "9.19"]
[White "Gengler, Pierre"]
[Black "Rapaire, Jean-Michel"]
[Result "1-0"]
[WhiteElo "2195"]
[BlackElo "1966"]
[PlyCount "35"]
[EventDate "2007.10.28"]
[EventType "team"]
[EventRounds "9"]
[EventCountry "GRE"]
[Source "lmi"]
[SourceDate "2007.10.28"]
[WhiteTeam "Luxembourg"]
[BlackTeam "Monaco"]
[WhiteTeamCountry "LUX"]
[BlackTeamCountry "MNC"]

1. e4 d6 2. d4 g6 3. Be3 Bg7 4. Nc3 Nf6 5. Qd2 O-O 6. f3 b6 7. Bh6 Ba6 8. Nge2
c5 9. d5 Nbd7 10. h4 Ne5 11. h5 Nxh5 12. Bxg7 Kxg7 13. Ng3 Nxg3 14. Qh6+ Kf6
15. Rh4 Nxf3+ 16. gxf3 Nxf1 17. e5+ dxe5 18. Ne4+ 1-0